Statystyki dla Największe miasta w Portugalii

Kliknij tutaj aby rozwiązać quiz!

Ogólne statystyki

  • Ten quiz został rozwiązany 208 razy
  • Średni wynik to 4 z 10

Statystyki odpowiedzi

Liczba ludnościMiasto% Poprawnych
547 000Lizbona
100%
237 000Porto
98%
121 000Braga
79%
97 000Coimbra
35%
95 000Setúbal
30%
108 000Funchal
27%
175 000Amadora
12%
186 000Vila Nova de Gaia
11%
109 000Almada
8%
85 000Agualva-Cacém
3%

Rozkład punktacji

Percentyl według liczby udzielonych odpowiedzi

Procent ludzi z każdym wynikiem

Twoja historia wyników

Nie rozwiązałeś tego quizu